[Event "4NCL Division Three Bishops"]
[Site "Daventry, ENG"]
[Date "2024.05.06"]
[Round "11.66"]
[White "Gray, Anna"]
[Black "Bailey, Adrian"]
[Result "0-1"]
[WhiteElo "1345"]
[BlackElo "1784"]
[PlyCount "64"]
[EventDate "2024.05.06"]
[WhiteTeam "She Plays To Win Lionesses"]
[BlackTeam "Shropshire & Friends"]

1. e4 e5 2. Nf3 Nc6 3. Bc4 Nf6 4. d3 Bc5 5. a4 h6 6. c3 d6 7. b4 Nxb4 8. cxb4 Bxb4+ 9. Bd2 Bc5 10. O-O Bg4 11. Qb3 O-O 12. Ne1 Be2 13. Qxb7 Bxf1 14. Kxf1 Rb8 15. Qa6 Rb6 16. Qa5 Qb8 17. Na3 c6 18. h3 Qb7 19. Ba2 Bxa3 20. Qc3 Bb2 21. Qc4 Bxa1 22. a5 Rb5 23. Qa4 Bd4 24. Nc2 Bc5 25. Bc1 Rb8 26. Ba3 Bxa3 27. Nxa3 Rb4 28. Qd1 Rb2 29. Bc4 d5 30. exd5 cxd5 31. a6 Qb6 32. Bb5 Qxf2# 0-1

[Event "4NCL Division Three Bishops"]
[Site "Telford, ENG"]
[Date "2023.11.19"]
[Round "2.11"]
[White "Arnott, Jonathan W"]
[Black "Byron, Alan M"]
[Result "1/2-1/2"]
[WhiteElo "2099"]
[BlackElo "2138"]
[PlyCount "25"]
[EventDate "2023.11.19"]
[WhiteTeam "Chessable White Rose 3"]
[BlackTeam "The Rookies"]

1. e4 c6 2. d4 d5 3. e5 Bf5 4. Nd2 e6 5. Nb3 c5 6. Bb5+ Nc6 7. dxc5 Bxc5 8.
Bxc6+ bxc6 9. Nxc5 Qa5+ 10. c3 Qxc5 11. Ne2 Ne7 12. O-O O-O 13. Nd4 1/2-1/2

[Event "4NCL Division Three Bishops"]
[Site "Telford, ENG"]
[Date "2023.11.19"]
[Round "2.12"]
[White "Burrows, Martin P"]
[Black "Yu, Hongyi"]
[Result "0-1"]
[WhiteElo "2168"]
[BlackElo "2039"]
[PlyCount "92"]
[EventDate "2023.11.19"]
[WhiteTeam "The Rookies"]
[BlackTeam "Chessable White Rose 3"]

1. e4 d6 2. d4 Nf6 3. Nc3 g6 4. Be3 Bg7 5. Qd2 c6 6. f3 b5 7. g4 h5 8. g5 Nfd7
9. f4 b4 10. Nce2 c5 11. c4 cxd4 12. Nxd4 Bb7 13. Bg2 Nc5 14. Qc2 Nbd7 15. Nh3
O-O 16. O-O e5 17. Ne2 exf4 18. Bxf4 Ne5 19. Rad1 Ne6 20. Bxe5 Bxe5 21. Qd2
Qb6+ 22. Kh1 Nc5 23. Nf2 b3 24. a3 Ba6 25. Rc1 Rac8 26. Nf4 Bxf4 27. Qxf4 Ne6
28. Qd2 Bxc4 29. Rfd1 Rfd8 30. Rc3 Ba6 31. Rcc1 Rc5 32. Rxc5 dxc5 33. Qe1 Rxd1
34. Nxd1 Nxg5 35. Nc3 Bb7 36. Qe3 Ne6 37. Nd5 Bxd5 38. exd5 Nd4 39. Qe5 Nf5 40.
Be4 Qd6 41. Qe8+ Kg7 42. Bxf5 gxf5 43. Qc6 Qf4 44. Kg2 Qe4+ 45. Kf2 f4 46. Qxc5
Qc2+ 0-1

[Event "4NCL Division Three Bishops"]
[Site "Telford, ENG"]
[Date "2023.11.19"]
[Round "2.13"]
[White "Edwards-Wright, Miles D"]
[Black "Okhai, Shabir"]
[Result "0-1"]
[WhiteElo "2062"]
[BlackElo "2100"]
[PlyCount "82"]
[EventDate "2023.11.19"]
[WhiteTeam "Chessable White Rose 3"]
[BlackTeam "The Rookies"]

1. g3 e5 2. Bg2 d5 3. d3 Nf6 4. Nd2 Bc5 5. h3 Nc6 6. a3 a5 7. e3 h6 8. Ne2 Bf5
9. b3 Qd7 10. Bb2 O-O 11. Rc1 Qe7 12. Ra1 Qd7 13. Rc1 Qe7 14. Ra1 Rfd8 15. O-O
e4 16. d4 Bd6 17. c4 Qe6 18. Kh2 b6 19. Nc3 Ne7 20. Nb5 c6 21. Nxd6 Qxd6 22.
Rc1 h5 23. c5 Qb8 24. cxb6 Qxb6 25. a4 Bd7 26. Ba3 Nf5 27. Kg1 g6 28. g4 hxg4
29. hxg4 Nh4 30. Be7 Kg7 31. f3 Rh8 32. Qe1 exf3 33. Qg3 Nxg4 34. Bxh4 fxg2 35.
Rf4 f5 36. Rxg4 fxg4 37. Qe5+ Kg8 38. Qf6 Bf5 39. Rxc6 Qb7 40. Bg3 Qf7 41. Qg5
Be4 0-1

[Event "4NCL Division Three Bishops"]
[Site "Telford, ENG"]
[Date "2023.11.19"]
[Round "2.14"]
[White "Compton, Alistair"]
[Black "Eagleton, Greg T"]
[Result "1/2-1/2"]
[WhiteElo "2112"]
[BlackElo "2024"]
[PlyCount "39"]
[EventDate "2023.11.19"]
[WhiteTeam "The Rookies"]
[BlackTeam "Chessable White Rose 3"]

1. e4 c5 2. f4 Nc6 3. Nf3 g6 4. Bb5 Nd4 5. Nxd4 cxd4 6. O-O Bg7 7. d3 a6 8. Ba4
Nf6 9. Nd2 O-O 10. Nf3 d6 11. h3 Qa5 12. Bb3 Nd7 13. Bd2 Qc7 14. a4 Nc5 15. Ba2
Bd7 16. a5 Na4 17. Bb3 Nc5 18. Ba2 Na4 19. Bb3 Nc5 20. Ba2 1/2-1/2

[Event "4NCL Division Three Bishops"]
[Site "Telford, ENG"]
[Date "2023.11.19"]
[Round "2.15"]
[White "Gostelow, Luke"]
[Black "Jaszkiwskyj, Peter"]
[Result "1-0"]
[WhiteElo "2039"]
[BlackElo "1871"]
[PlyCount "79"]
[EventDate "2023.11.19"]
[WhiteTeam "Chessable White Rose 3"]
[BlackTeam "The Rookies"]

1. d4 d5 2. c4 e6 3. Nc3 Be7 4. Nf3 Nf6 5. e3 O-O 6. Bd3 dxc4 7. Bxc4 c5 8. O-O
Nc6 9. a3 cxd4 10. exd4 a6 11. Re1 Qc7 12. Qe2 Rd8 13. Be3 b5 14. Bd3 Bb7 15.
Rac1 Qd7 16. Ne4 Rac8 17. Rcd1 Nxe4 18. Bxe4 Bf6 19. b4 Ne7 20. Bg5 Bxg5 21.
Nxg5 Bxe4 22. Qxe4 Ng6 23. Qf3 Rc4 24. Qh5 Nf8 25. Re4 g6 26. Qe2 Qc7 27. Nf3
Rc2 28. Qe1 Qc3 29. Qxc3 Rxc3 30. Re3 Rdc8 31. Ne5 f6 32. Nd3 Rd8 33. Nc5 Rxd4
34. Ra1 Rxe3 35. fxe3 Rd6 36. a4 e5 37. axb5 axb5 38. Ra5 Rb6 39. Ra8 Kf7 40.
Rxf8+ 1-0

[Event "4NCL Division Three Bishops"]
[Site "Telford, ENG"]
[Date "2023.11.19"]
[Round "2.16"]
[White "Gibson, Christopher A"]
[Black "Mize, Dylan"]
[Result "0-1"]
[WhiteElo "1913"]
[BlackElo "1951"]
[PlyCount "98"]
[EventDate "2023.11.19"]
[WhiteTeam "The Rookies"]
[BlackTeam "Chessable White Rose 3"]

1. e4 c6 2. d4 d5 3. exd5 cxd5 4. c4 Nf6 5. Nc3 Nc6 6. Nf3 Be6 7. c5 g6 8. a3
Bg7 9. b4 Ne4 10. Bb2 Bg4 11. Bb5 O-O 12. Ne2 Bxf3 13. gxf3 Ng5 14. Qd3 e5 15.
Bxc6 e4 16. fxe4 bxc6 17. e5 f6 18. f4 Ne4 19. O-O f5 {(=)} 20. Bc1 Rf7 21. Rb1
Rb7 22. a4 Rab8 23. b5 Qd7 24. bxc6 Qxc6 25. Be3 Qxa4 26. Rxb7 Rxb7 27. Rb1 Rb4
28. Rxb4 Qxb4 29. Qd1 Qc4 30. Kg2 a5 31. Kf3 Kf7 32. Qb1 Qxe2+ 33. Kxe2 Nc3+
34. Kd3 Nxb1 35. Bc1 Bh6 36. Kc2 Na3+ 37. Bxa3 Bxf4 38. h3 Ke8 39. c6 Kd8 40.
Bd6 g5 41. Kd3 h5 42. Ke2 g4 43. hxg4 fxg4 44. Kf1 h4 45. c7+ Kc8 46. Be7 h3
47. Bd8 g3 48. e6 g2+ 49. Kf2 Be3+ 0-1

[Event "4NCL Division Three Bishops"]
[Site "Telford, ENG"]
[Date "2023.11.19"]
[Round "2.21"]
[White "Phan, Stefanus Kf"]
[Black "Blades, Kit"]
[Result "1/2-1/2"]
[WhiteElo "2007"]
[BlackElo "1923"]
[PlyCount "124"]
[EventDate "2023.11.19"]
[WhiteTeam "Oxford 2"]
[BlackTeam "Sussex Martlets 3"]

1. c4 e6 2. Nf3 Nf6 3. g3 d5 4. Bg2 Be7 5. O-O O-O 6. b3 c5 7. Bb2 Nc6 8. e3 d4
9. exd4 cxd4 10. Re1 Ne8 11. Ne5 Nxe5 12. Rxe5 f6 13. Re1 e5 14. Ba3 Bxa3 15.
Nxa3 Nc7 16. d3 Rb8 17. b4 b5 18. Nxb5 Nxb5 19. cxb5 Rxb5 20. Qb3+ Kh8 21. a4
Rb6 22. a5 Be6 23. Qa3 Rb8 24. Rac1 Bd5 25. Rc5 Bxg2 26. Kxg2 Qe7 27. f3 Rfc8
28. Rec1 Qd7 29. b5 h5 30. b6 Rxc5 31. Qxc5 axb6 32. axb6 Qe6 33. Qc6 Rxb6 34.
Qxe6 Rxe6 35. Re1 Rc6 36. f4 exf4 37. gxf4 Rc2+ 38. Kf3 Rxh2 39. Ke4 Rh4 40.
Kf5 Rh3 41. Kg6 Rg3+ 42. Kxh5 Rxd3 43. Kg6 Rg3+ 44. Kf7 Rh3 45. Kg6 Rh6+ 46.
Kf5 Kg8 47. Rd1 Kf7 48. Rxd4 g6+ 49. Kg4 f5+ 50. Kg3 Rh1 51. Rd6 Rg1+ 52. Kf3
Rf1+ 53. Kg3 Ra1 54. Rb6 Ra3+ 55. Kf2 Kg7 56. Rb1 Rh3 57. Rb8 Rd3 58. Ke2 Rd7
59. Rb1 Rd6 60. Kf3 Kf6 61. Rb8 Ke6 62. Rb5 Rd5 1/2-1/2

[Event "4NCL Division Three Bishops"]
[Site "Telford, ENG"]
[Date "2023.11.19"]
[Round "2.22"]
[White "Rastogi, Nayan Keats"]
[Black "Murawski, Jan"]
[Result "1/2-1/2"]
[WhiteElo "1778"]
[BlackElo "2084"]
[PlyCount "51"]
[EventDate "2023.11.19"]
[WhiteTeam "Sussex Martlets 3"]
[BlackTeam "Oxford 2"]

1. e4 e5 2. Nf3 Nc6 3. Bb5 Nf6 4. O-O Nxe4 5. d4 Nd6 6. Bxc6 dxc6 7. dxe5 Nf5
8. Qxd8+ Kxd8 9. Nc3 Ne7 10. h3 Ng6 11. Bg5+ Ke8 12. Rad1 Be6 13. a3 a5 14.
Rfe1 h6 15. Be3 Rd8 16. Nd4 Bc8 17. f4 Nh4 18. Bf2 Bc5 19. Nce2 Nf5 20. Nxf5
Bxf2+ 21. Kxf2 Bxf5 22. Nd4 Bd7 23. e6 fxe6 24. Nxe6 Bxe6 25. Rxd8+ Kxd8 26.
Rxe6 1/2-1/2

[Event "4NCL Division Three Bishops"]
[Site "Telford, ENG"]
[Date "2023.11.19"]
[Round "2.23"]
[White "Pozimski, Szymon"]
[Black "Michaud, Gerald"]
[Result "0-1"]
[WhiteElo "2019"]
[BlackElo "1845"]
[PlyCount "196"]
[EventDate "2023.11.19"]
[WhiteTeam "Oxford 2"]
[BlackTeam "Sussex Martlets 3"]

1. c4 c5 2. Nf3 Nf6 3. b3 g6 4. Bb2 Bg7 5. g3 b6 6. Bg2 Bb7 7. O-O O-O 8. Nc3
Nc6 9. d4 cxd4 10. Nxd4 Qc8 11. Nc2 Ne5 12. e4 d6 13. Qe2 Re8 14. Rad1 Ned7 15.
Nb4 Rb8 16. Rfe1 a5 17. Nbd5 Bc6 18. Bh3 Qb7 19. Nxf6+ Nxf6 20. Bg2 Nd7 21. Nd5
Bxb2 22. Qxb2 Bxd5 23. Rxd5 Qa7 24. Qd4 Ne5 25. a4 Rec8 26. Qe3 Rc5 27. Rdd1
Qc7 28. f4 Nc6 29. Rd2 e5 30. f5 Nd4 31. Rf2 Qe7 32. Ref1 Rc7 33. Bh3 gxf5 34.
Bxf5 f6 35. Rg2 Kh8 36. Bg4 Qg7 37. Bd1 Rf8 38. Rgf2 Rcf7 39. Qd3 h6 40. Bh5
Re7 41. Qd1 Qg5 42. Re1 Rd7 43. Bg4 Rg7 44. Bf5 h5 45. Kh1 Qh6 46. Qd3 h4 47.
Qe3 Qxe3 48. Rxe3 hxg3 49. hxg3 Kg8 50. Rb2 Rc7 51. Rh2 Nxf5 52. exf5 Rh7 53.
Rxh7 Kxh7 54. Rd3 Rd8 55. Kg2 Kh6 56. g4 Kg5 57. Kg3 Rd7 58. Rd2 Kh6 59. Kf3
Rd8 60. Rh2+ Kg7 61. Ke4 Rh8 62. Rd2 Rh4 63. Rxd6 Rxg4+ 64. Kf3 Rf4+ 65. Ke3
Rxf5 66. Rxb6 Kf7 67. Ra6 Rh5 68. Rb6 Rh3+ 69. Ke4 Rh4+ 70. Kd5 Rd4+ 71. Kc6 e4
72. Rb7+ Ke6 73. Kc5 Rd7 74. Rb6+ Ke5 75. b4 e3 76. bxa5 e2 77. Rb1 Rd1 78. Rb8
e1=Q 79. Re8+ Kf4 80. Rxe1 Rxe1 81. a6 Re6 82. Kb5 f5 83. a7 Re8 84. c5 Ke5 85.
Kc6 f4 86. Kb7 f3 87. c6 f2 88. a8=Q Rxa8 89. Kxa8 f1=Q 90. c7 Qa6+ 91. Kb8
Qb6+ 92. Ka8 Qxc7 93. a5 Qxa5+ 94. Kb7 Qc5 95. Ka6 Qb4 96. Ka7 Qb5 97. Ka8 Kd6
98. Ka7 Kc7 0-1

[Event "4NCL Division Three Bishops"]
[Site "Telford, ENG"]
[Date "2023.11.19"]
[Round "2.24"]
[White "Wannasin Bell, Charlie"]
[Black "Blinov, Roman"]
[Result "0-1"]
[WhiteElo "1575"]
[BlackElo "1958"]
[PlyCount "74"]
[EventDate "2023.11.19"]
[WhiteTeam "Sussex Martlets 3"]
[BlackTeam "Oxford 2"]

1. b4 d5 2. Bb2 Bf5 3. Nf3 e6 4. b5 Nf6 5. e3 a6 6. a4 Be7 7. Be2 O-O 8. O-O h6
9. c4 c6 10. d4 Nbd7 11. Ba3 cxb5 12. cxb5 a5 13. Qb3 Rc8 14. Nbd2 Bc2 15. Qa2
Bxa3 16. Qxa3 Nb6 17. Bd1 Ne4 18. Bxc2 Nxd2 19. Bh7+ Kxh7 20. Nxd2 Nc4 21. Qd3+
g6 22. Rfc1 Nxd2 23. Qxd2 Rc4 24. Rxc4 dxc4 25. Rc1 Qc7 26. Qc3 Rc8 27. g3 b6
28. Rb1 Qb7 29. f4 Qf3 30. Rc1 Qe2 31. Rc2 Qd1+ 32. Kg2 h5 33. h4 Qb1 34. Rb2
Qa1 35. Qc2 c3 36. Ra2 Qxa2 37. Qxa2 c2 0-1

[Event "4NCL Division Three Bishops"]
[Site "Telford, ENG"]
[Date "2023.11.19"]
[Round "2.25"]
[White "Wilson, Edgar"]
[Black "Woods, Timothy J"]
[Result "1-0"]
[WhiteElo "1980"]
[BlackElo "1533"]
[PlyCount "35"]
[EventDate "2023.11.19"]
[WhiteTeam "Oxford 2"]
[BlackTeam "Sussex Martlets 3"]

1. e4 d6 2. d4 Nf6 3. f3 g6 4. Be3 Nbd7 5. c4 Bg7 6. Nc3 O-O 7. Qd2 c5 8. Nge2
a6 9. dxc5 Nxc5 10. Nf4 Nfd7 11. Be2 Rb8 12. O-O Ne5 13. Rfd1 b6 14. Nfd5 Nc6
15. Rab1 f5 16. b4 Nd7 17. Bg5 Nde5 18. b5 1-0

[Event "4NCL Division Three Bishops"]
[Site "Telford, ENG"]
[Date "2023.11.19"]
[Round "2.26"]
[White "Finlay, Liam"]
[Black "Hertog, Alexander"]
[Result "0-1"]
[WhiteElo "1443"]
[BlackElo "1876"]
[PlyCount "48"]
[EventDate "2023.11.19"]
[WhiteTeam "Sussex Martlets 3"]
[BlackTeam "Oxford 2"]

1. e4 c6 2. d4 d5 3. e5 c5 4. dxc5 e6 5. Nf3 Bxc5 6. Bd3 Nc6 7. a3 Nge7 8. b4
Bb6 9. Bb2 Ng6 10. g3 Qc7 11. Qe2 Bd7 12. Nbd2 a6 13. O-O O-O 14. Rfe1 f6 15.
exf6 gxf6 16. Bxg6 hxg6 17. Nh4 Kg7 18. Qg4 Ne7 19. Qg5 Qxc2 20. Bxf6+ Rxf6 21.
Rac1 Qd3 22. Rf1 Rh8 23. Nhf3 Rh5 24. Qg4 Rhf5 0-1

[Event "4NCL Division Three Bishops"]
[Site "Telford, ENG"]
[Date "2023.11.19"]
[Round "2.31"]
[White "Coates, David H"]
[Black "Pal, Rohan"]
[Result "0-1"]
[WhiteElo "2047"]
[BlackElo "2061"]
[PlyCount "52"]
[EventDate "2023.11.19"]
[WhiteTeam "Ashfield 1"]
[BlackTeam "Warwickshire Select 2"]

1. d4 d5 2. c4 e6 3. Nc3 Be7 4. cxd5 exd5 5. Bf4 c6 6. e3 Bf5 7. Nf3 Nf6 8. Bd3
Bxd3 9. Qxd3 Nbd7 10. h3 a5 11. O-O O-O 12. Nd2 Re8 13. f3 b5 14. Kh1 Nf8 15.
Bh2 Bd6 16. f4 b4 17. Na4 N8d7 18. g4 c5 19. g5 Ne4 20. Nf3 c4 21. Qc2 Nb8 22.
Ne5 Bxe5 23. dxe5 Nc6 24. Rad1 Ne7 25. f5 Nc6 26. Qg2 Nxe5 0-1

[Event "4NCL Division Three Bishops"]
[Site "Telford, ENG"]
[Date "2023.11.19"]
[Round "2.32"]
[White "Sandhu, Manvith"]
[Black "Mossong, Hubert"]
[Result "1-0"]
[WhiteElo "2031"]
[BlackElo "2046"]
[PlyCount "51"]
[EventDate "2023.11.19"]
[WhiteTeam "Warwickshire Select 2"]
[BlackTeam "Ashfield 1"]

1. e4 d6 2. d4 Nf6 3. Nc3 c6 4. Nf3 Bg4 5. h3 Bh5 6. g4 Bg6 7. Qe2 Nbd7 8. h4
h6 9. h5 Bh7 10. g5 hxg5 11. Nxg5 e5 12. d5 Qc7 13. Bh3 Be7 14. Be3 Nb6 15.
O-O-O cxd5 16. exd5 a6 17. Nxh7 Rxh7 18. Bf5 Rh8 19. f4 Nbd7 20. Rde1 O-O-O 21.
fxe5 dxe5 22. Bg5 Bb4 23. Rh4 Qd6 24. Qc4+ Bc5 25. b4 b5 26. Qxc5+ 1-0

[Event "4NCL Division Three Bishops"]
[Site "Telford, ENG"]
[Date "2023.11.19"]
[Round "2.33"]
[White "Naylor-Eade, Michael A"]
[Black "Fellowes, Billy"]
[Result "1-0"]
[WhiteElo "1967"]
[BlackElo "2098"]
[PlyCount "77"]
[EventDate "2023.11.19"]
[WhiteTeam "Ashfield 1"]
[BlackTeam "Warwickshire Select 2"]

1. e4 Nc6 2. Nf3 d6 3. d4 Nf6 4. Nc3 Bg4 5. Be2 e5 6. d5 Nb8 7. Be3 Be7 8. h3
Bh5 9. O-O O-O 10. Nd2 Bxe2 11. Nxe2 Re8 12. c4 Nbd7 13. b4 c6 14. Ng3 Bf8 15.
Nf5 g6 16. Nh6+ Kg7 17. Qf3 Be7 18. g4 Rf8 19. Qg2 Ne8 20. g5 f6 21. h4 a5 22.
a3 Qc7 23. Qg4 Qd8 24. Nb3 axb4 25. axb4 Rxa1 26. Rxa1 fxg5 27. hxg5 Nc7 28.
Na5 cxd5 29. exd5 Qc8 30. Nxb7 Nb8 31. Qxc8 Rxc8 32. Ra7 Kf8 33. b5 Ne8 34. Na5
Nc7 35. b6 Ne8 36. Nc6 Nxc6 37. dxc6 e4 38. b7 Rb8 39. Ra8 1-0

[Event "4NCL Division Three Bishops"]
[Site "Telford, ENG"]
[Date "2023.11.19"]
[Round "2.34"]
[White "Vaidyanathan, Adithya"]
[Black "Truman, Richard G"]
[Result "1-0"]
[WhiteElo "1975"]
[BlackElo "1979"]
[PlyCount "41"]
[EventDate "2023.11.19"]
[WhiteTeam "Warwickshire Select 2"]
[BlackTeam "Ashfield 1"]

1. Nf3 Nf6 2. d4 g6 3. c4 c5 4. d5 d6 5. Nc3 Bg7 6. e4 O-O 7. h3 e6 8. Bd3 exd5
9. exd5 Re8+ 10. Be3 Nh5 11. O-O f5 12. Bg5 Nf6 13. Qd2 Bd7 14. Rae1 Na6 15.
Qf4 Qb6 16. Qh4 Rf8 17. Re7 Rad8 18. Rfe1 h5 19. Rxg7+ Kxg7 20. Re7+ Kg8 21.
Bxf6 1-0

[Event "4NCL Division Three Bishops"]
[Site "Telford, ENG"]
[Date "2023.11.19"]
[Round "2.35"]
[White "Flynn, David"]
[Black "Patel, Keatan"]
[Result "1-0"]
[WhiteElo "1926"]
[BlackElo "1947"]
[PlyCount "83"]
[EventDate "2023.11.19"]
[WhiteTeam "Ashfield 1"]
[BlackTeam "Warwickshire Select 2"]

1. e4 e5 2. Nf3 Nc6 3. d4 exd4 4. Nxd4 Bc5 5. Nb3 Bb6 6. Nc3 Nf6 7. Qe2 O-O 8.
Bg5 h6 9. Bh4 Re8 10. f3 d6 11. O-O-O Be6 12. Kb1 Ne5 13. Bf2 Bc4 14. Qd2 Bxf2
15. Qxf2 Bxf1 16. Qxf1 Nc6 17. g4 Nd7 18. h4 Ne7 19. h5 Nf6 20. Qg2 Qc8 21. g5
hxg5 22. Qxg5 Nh7 23. Qg3 Qe6 24. Rhg1 Qh6 25. Rd2 Kh8 26. Nb5 Rg8 27. Nxc7
Rad8 28. Nb5 d5 29. Qc7 Rge8 30. Rdg2 dxe4 31. fxe4 Rc8 32. Qg3 Rg8 33. Nd6
Rcf8 34. Nxb7 Nf6 35. Qc7 Nc8 36. N7c5 Nxh5 37. Nd7 Re8 38. Ne5 Qf6 39. Nxf7+
Kh7 40. Rh2 g6 41. Ng5+ Kh8 42. Qh7# 1-0

[Event "4NCL Division Three Bishops"]
[Site "Telford, ENG"]
[Date "2023.11.19"]
[Round "2.36"]
[White "Shivakumar, Akshath"]
[Black "Garnett, John S"]
[Result "1-0"]
[WhiteElo "1765"]
[BlackElo "1950"]
[PlyCount "103"]
[EventDate "2023.11.19"]
[WhiteTeam "Warwickshire Select 2"]
[BlackTeam "Ashfield 1"]

1. d4 d5 2. c4 dxc4 3. e3 e5 4. Bxc4 exd4 5. exd4 Bd6 6. Qb3 Qe7+ 7. Ne2 Nf6 8.
Nbc3 O-O 9. Bg5 Nc6 10. Nd5 Bb4+ 11. Kf1 Qd6 12. Bf4 Qd8 13. Nxb4 Nxd4 14. Nxd4
Qxd4 15. Be3 Qh4 16. Nd5 Bd7 17. Nxf6+ Qxf6 18. Rd1 Bf5 19. Bd4 Qg6 20. Qg3 Qh6
21. h4 Rad8 22. Be2 Rfe8 23. Qg5 Qxg5 24. hxg5 b6 25. Be3 c5 26. Rxd8 Rxd8 27.
f3 Be6 28. a4 Rc8 29. Kf2 c4 30. Ra1 c3 31. bxc3 Rxc3 32. Rd1 Kf8 33. Rd8+ Ke7
34. Ra8 Rc7 35. Bf4 Rc2 36. Rxa7+ Ke8 37. Rc7 Ra2 38. Be3 Bd7 39. Bxb6 Bxa4 40.
Ra7 Bb3 41. Rxa2 Bxa2 42. Bd3 g6 43. Bc5 Kd7 44. Ke3 Ke6 45. Kd4 f6 46. gxf6
Kxf6 47. Ke4 Be6 48. Bd4+ Kg5 49. Ke5 Bc8 50. f4+ Kg4 51. Bf2 Bd7 52. Be2# 1-0

[Event "4NCL Division Three Bishops"]
[Site "Telford, ENG"]
[Date "2023.11.19"]
[Round "2.41"]
[White "Ogunshola, Ben"]
[Black "Kanyamarala, Trisha"]
[Result "1/2-1/2"]
[WhiteElo "2020"]
[BlackElo "2181"]
[PlyCount "95"]
[EventDate "2023.11.19"]
[WhiteTeam "Brown Jack"]
[BlackTeam "She Plays To Win Lionesses"]

1. c4 e5 2. Nc3 Nf6 3. Nf3 Nc6 4. d3 d5 5. cxd5 Nxd5 6. e4 Nb6 7. Be3 Bg4 8.
Be2 Be7 9. O-O O-O 10. Nxe5 Nxe5 11. Bxg4 Qxd3 12. Be2 Qxd1 13. Raxd1 Nec4 14.
Bc1 Bf6 15. Nd5 Nxd5 16. Rxd5 Nb6 17. Rc5 c6 18. b3 Rfe8 19. Bf3 {(=)} Nd7 20.
Rc2 Ne5 21. Be2 Ng6 22. f3 Bd4+ 23. Kh1 Nf8 24. g3 Bb6 25. Bc4 Rad8 26. Ba3 Ne6
27. Bxe6 Rxe6 28. Kg2 Ree8 29. Re1 Rd3 30. Ree2 Red8 31. e5 Be3 32. f4 R8d5 33.
Rc4 Rd2 34. Rc2 Rxe2+ 35. Rxe2 Bc5 36. Bxc5 Rxc5 37. Rd2 Kf8 38. Rd7 Rc2+ {(=)}
39. Kf3 Rxa2 40. Rxb7 a5 41. f5 Rxh2 42. f6 gxf6 43. exf6 Ke8 44. Re7+ Kf8 45.
Rc7 Ke8 46. Rxc6 Kd7 47. Ra6 Rb2 48. Rxa5 1/2-1/2

[Event "4NCL Division Three Bishops"]
[Site "Telford, ENG"]
[Date "2023.11.19"]
[Round "2.42"]
[White "Weersing, Abigail Riis"]
[Black "Gordon, Sean"]
[Result "1/2-1/2"]
[WhiteElo "2090"]
[BlackElo "1952"]
[PlyCount "129"]
[EventDate "2023.11.19"]
[WhiteTeam "She Plays To Win Lionesses"]
[BlackTeam "Brown Jack"]

1. d4 d5 2. c4 c6 3. cxd5 cxd5 4. Nc3 Nf6 5. Nf3 Nc6 6. Bf4 Bf5 7. e3 e6 8. Qb3
Bb4 9. Bb5 O-O 10. Bxc6 Bxc3+ 11. Qxc3 Rc8 12. Ne5 bxc6 13. O-O Ne4 14. Qa3 f6
15. Nf3 g5 16. Bg3 Qb6 17. Rfc1 Rf7 18. b3 Rd7 19. Qb2 a5 20. Nd2 Nxd2 21. Qxd2
Qb4 22. Qc3 Rb7 23. Qc5 Kf7 24. Qd6 Qxd6 25. Bxd6 Ke8 26. Rc3 Kd7 27. Bc5 Ra8
28. Re1 g4 29. f3 gxf3 30. gxf3 Rg8+ 31. Kh1 Rbb8 32. Ba7 Ra8 33. Bb6 Bh3 34.
Rc2 Rg6 35. Rec1 Rc8 36. Bxa5 e5 37. Rg1 Rxg1+ 38. Kxg1 Rg8+ 39. Kh1 e4 40.
fxe4 dxe4 41. Be1 Bg4 42. h3 Bxh3 43. Rh2 Bf5 44. Rh6 Ke6 45. Kh2 Rg7 46. a4
Bg4 47. Bh4 Rf7 48. a5 Be2 49. b4 Kd5 50. Bg3 Bb5 51. Kg2 Bd3 52. Rh5+ f5 53.
Rh6 Bb5 54. Rh1 Bc4 55. Be5 Rb7 56. Rh6 Bb5 57. Rf6 Kc4 58. Bd6 Rg7+ 59. Kf2
Rg6 60. Rxg6 hxg6 61. Kg3 g5 62. Be7 f4+ 63. exf4 gxf4+ 64. Kxf4 Kxd4 65. Bc5+
1/2-1/2

[Event "4NCL Division Three Bishops"]
[Site "Telford, ENG"]
[Date "2023.11.19"]
[Round "2.43"]
[White "Tomboline, David"]
[Black "Rida, Ruqayyah"]
[Result "1/2-1/2"]
[WhiteElo "1933"]
[BlackElo "1707"]
[PlyCount "56"]
[EventDate "2023.11.19"]
[WhiteTeam "Brown Jack"]
[BlackTeam "She Plays To Win Lionesses"]

1. d4 Nf6 2. Bf4 g6 3. h3 Bg7 4. e3 d5 5. Nf3 O-O 6. Be2 c5 7. c3 Nc6 8. a4 Re8
9. O-O Nd7 10. Nbd2 a6 11. Qb3 e5 12. dxe5 Ndxe5 13. Nxe5 Nxe5 14. Nf3 f6 15.
Rfd1 Be6 16. Qa3 Qe7 17. a5 g5 18. Bh2 Nc6 19. Rd2 Rad8 20. Rad1 Bf8 21. Ne1
Qf7 22. Bf3 d4 23. Bxc6 bxc6 24. b4 cxb4 25. cxb4 Qb7 26. Rxd4 Bxb4 27. Rxd8
Bxa3 28. Rxe8+ Kf7 1/2-1/2

[Event "4NCL Division Three Bishops"]
[Site "Telford, ENG"]
[Date "2023.11.19"]
[Round "2.44"]
[White "Latypova, Olga L"]
[Black "Conterno, Dominique"]
[Result "1-0"]
[WhiteElo "1741"]
[BlackElo "1861"]
[PlyCount "133"]
[EventDate "2023.11.19"]
[WhiteTeam "She Plays To Win Lionesses"]
[BlackTeam "Brown Jack"]

1. e4 d6 2. d4 Nf6 3. Nc3 g6 4. g3 Bg7 5. Bg2 O-O 6. h3 c6 7. a4 Qc7 8. Nge2 e5
9. Be3 Nbd7 10. O-O Re8 11. Re1 exd4 12. Bxd4 Nc5 13. Nf4 Ne6 14. Nxe6 Bxe6 15.
f4 Rad8 16. Bf2 a5 17. g4 d5 18. e5 d4 19. Bxd4 c5 20. Nb5 Qb6 21. exf6 Bf8 22.
f5 Bd7 23. Bc3 Bxb5 24. Qc1 c4+ 25. Kh1 Bc6 26. Qf4 Bxg2+ 27. Kxg2 Rxe1 28.
Rxe1 Qc6+ 29. Qe4 Qxa4 30. b3 Qc6 31. Qxc6 bxc6 32. Bxa5 Ra8 33. Bc7 gxf5 34.
bxc4 fxg4 35. hxg4 Rc8 36. Bf4 Bc5 37. c3 Bf8 38. Kf3 Rd8 39. Kg2 Rc8 40. Rd1
Re8 41. Kf3 Ba3 42. Rd7 Rc8 43. Ke4 Kf8 44. Bd6+ Bxd6 45. Rxd6 Ke8 46. Kd4 Ra8
47. Rxc6 Kd7 48. Rb6 Rg8 49. Ke5 Rg5+ 50. Kf4 Rc5 51. Rb4 h6 52. Kg3 Ke6 53.
Rb6+ Kd7 54. Kh4 Rxc4 55. Kh5 Rxc3 56. Kxh6 Rg3 57. g5 Rg1 58. Kg7 Rxg5+ 59.
Kxf7 Rg1 60. Rb7+ Kd8 61. Rb5 Rd1 62. Rg5 Rd2 63. Kg7 Rf2 64. f7 Ke7 65. Re5+
Kd6 66. Re8 Rg2+ 67. Kh6 1-0

[Event "4NCL Division Three Bishops"]
[Site "Telford, ENG"]
[Date "2023.11.19"]
[Round "2.45"]
[White "Jones, Mark A"]
[Black "Chan, Michelle (Ngo Yu)"]
[Result "1/2-1/2"]
[WhiteElo "1756"]
[BlackElo "1638"]
[PlyCount "105"]
[EventDate "2023.11.19"]
[WhiteTeam "Brown Jack"]
[BlackTeam "She Plays To Win Lionesses"]

1. e4 e5 2. Nf3 Nc6 3. Bb5 a6 4. Ba4 Nf6 5. O-O b5 6. Bb3 Be7 7. d4 d6 8. dxe5
Nxe5 9. Nxe5 dxe5 10. Qxd8+ Bxd8 11. a4 Bb7 12. axb5 axb5 13. Rxa8 Bxa8 14. f3
c5 15. c4 Bb6 16. Be3 Bc6 17. cxb5 Bxb5 18. Rc1 Nd7 19. Nc3 Bc6 20. Ba4 Bxa4
21. Nxa4 Ba7 22. Kf2 Ke7 23. Nxc5 Nxc5 24. Bxc5+ Bxc5+ 25. Rxc5 Rb8 {(=)} 26.
Rc2 Rb7 27. Rd2 Ke6 28. g4 g6 29. g5 f5 30. gxf6 Kxf6 31. h4 h5 {(=)} 32. Kg3
Rb6 33. Rc2 Ke6 34. Kh2 Kf6 35. Rg2 Rb3 36. Kg1 Kg7 37. Rf2 Kf6 38. Rc2 Rb6 39.
Kf2 Ke6 40. Ke1 Kf6 41. Kf2 Ke6 42. Kg3 Kf6 43. f4 Rb3+ 44. Rc3 exf4+ 45. Kxf4
Rxb2 46. e5+ Kf7 47. Rc7+ Ke6 48. Rc6+ Kf7 49. e6+ Ke7 50. Kg5 Rg2+ 51. Kh6 Rg4
52. Rb6 Rg3 53. Ra6 1/2-1/2